Estudios de derecho probatorio
שמור ב:
| מחבר ראשי: | |
|---|---|
| פורמט: | ספר |
| שפה: | ספרדית |
| יצא לאור: |
Santiago
Jurídica de Chile
1979
|
| נושאים: | |
| תגים: |
הוספת תג
אין תגיות, היה/י הראשונ/ה לתייג את הרשומה!
|
MARC
| LEADER | 00000nam a2200000 a 4500 | ||
|---|---|---|---|
| 001 | UCS0973 | ||
| 003 | CL-VaPUC | ||
| 008 | 970506e19791200CL |||||||||||||||||spa|d | ||
| 082 | 0 | 4 | |a 347.8306 |b PAI |2 21 |
| 100 | |a Paillas Peña, Enrique |e autor |9 768803 | ||
| 245 | 1 | 0 | |a Estudios de derecho probatorio |
| 300 | |a 157 p | ||
| 942 | |c BK | ||
| 945 | |d 19970506 00:00:00 |a cmena | ||
| 260 | |a Santiago |b Jurídica de Chile |c 1979 | ||
| 650 | 0 | |a Derecho procesal penal |9 256392 | |
| 650 | 7 | |a DERECHO PENAL |2 CL-VaPUC |9 11 | |
| 650 | 0 | |a Prueba |9 256247 | |
| 650 | 7 | |a CONFESION |2 CL-VaPUC |9 314483 | |
| 650 | 7 | |a TESTIGOS |2 CL-VaPUC |9 384932 | |
| 650 | 7 | |a PRESUNCIONES PENALES |2 CL-VaPUC |9 383133 | |
| 651 | 7 | |a CHILE |2 CL-VaPUC |9 384933 | |
| 583 | |a last modification |c 19970506 00:00:00 |k Rodrigo Vera | ||
| 999 | |c 259088 |d 259086 | ||
| 952 | |0 0 |1 0 |4 0 |6 347_830600000000000_PAI_1979 |7 0 |8 A |9 283639 |a BIBDER |b BIBDER |d 2019-11-19 |i 1842218 |o 347.8306 PAI 1979 |p 1842218 |r 2023-01-25 |w 2019-11-19 |y BK |k DER | ||
| 952 | |0 0 |1 0 |4 0 |6 347_830600000000000_PAI_1979 |7 0 |8 A |9 283640 |a BIBDER |b BIBDER |d 2019-11-19 |i 1842226 |o 347.8306 PAI 1979 |p 1842226 |r 2023-01-25 |w 2019-11-19 |y BK |k DER | ||